| 000 | 01082nam a22002657a 4500 | ||
|---|---|---|---|
| 999 |
_c7361 _d7361 |
||
| 003 | AR-CdUCM | ||
| 008 | 190320b ||||| |||| 00| 0 spa d | ||
| 040 |
_aMUNICIPALIDAD PROVINCIAL DEL CUSCO _cBIBLIOTECA MUNICIPAL DEL CUSCO |
||
| 082 |
_a510.7 / _bD87. |
||
| 100 |
_aDolciani, Mary P. _920735 |
||
| 245 |
_aMatemáticas Modernas : _bpara escuelas secundarias / |
||
| 260 |
_aMexico : _bPublicaciones cultural, _c1968. |
||
| 300 |
_aXV, 500 paginas ; _bilustraciones,diagramas, dibujos, _c24 cm. |
||
| 500 | _aTítulo original: Modern school mathematics, structure and method, book 8. | ||
| 505 | _aContenido: numeros racionales -- adicion y sustraccion -- multiplicacion y division -- figuras geometricas -- congruencia y medición de figuras planas... | ||
| 650 |
_aMatematicas _99398 |
||
| 650 |
_aRelacionado a las matematicas _920736 |
||
| 650 |
_aCongruencias _920737 |
||
| 650 |
_aNumeros racionales _920738 |
||
| 700 |
_aWooton, William _920739 |
||
| 700 |
_aBeckenbach, Edwin F _920740 |
||
| 700 |
_aMarkert, Walter _920741 |
||
| 942 |
_2ddc _cLIBROS |
||
| 945 | _apjha | ||